História concisa de Portugal / (Record no. 173017)
[ view plain ]
| 000 -LEADER | |
|---|---|
| campo de control de longitud fija | 00682nam a2200217 4500 |
| 001 - NÚMERO DE CONTROL | |
| campo de control | 173017 |
| 003 - IDENTIFICADOR DE NÚMERO DE CONTROL | |
| campo de control | ES-MaACL |
| 005 - FECHA Y HORA DE LA ÚLTIMA TRANSACCIÓN | |
| campo de control | 20230906215115.0 |
| 008 - DATOS DE LONGITUD FIJA--INFORMACIÓN GENERAL | |
| campo de control de longitud fija | 091005s1991 po |||| | por d |
| 080 ## - NÚMERO DE LA CLASIFICACIÓN DECIMAL UNIVERSAL | |
| Número de la Clasificación Decimal Universal | 94(469) |
| 100 1# - ENTRADA PRINCIPAL--NOMBRE DE PERSONA | |
| Nombre de persona | Saraiva, José Hermano. |
| 9 (RLIN) | 141450 |
| 245 10 - MENCIÓN DEL TÍTULO | |
| Título | História concisa de Portugal / |
| Mención de responsabilidad, etc. | José Hermano Saraiva. |
| 250 ## - MENCION DE EDICION | |
| Mención de edición | 14.ª ed. |
| 260 ## - PUBLICACIÓN, DISTRIBUCIÓN, ETC. | |
| Lugar de publicación, distribución, etc. | [Sintra] : |
| Nombre del editor, distribuidor, etc. | Publicaçôes Europa-América, |
| Fecha de publicación, distribución, etc. | 1991. |
| 300 ## - DESCRIPCIÓN FÍSICA | |
| Extensión | 367 p. ; |
| Dimensiones | 18 cm. |
| 490 1# - MENCIÓN DE SERIE | |
| Mención de serie | Saber ; |
| Designación de volumen o secuencia | 123 |
| 651 #7 - PUNTO DE ACCESO ADICIONAL DE MATERIA--NOMBRE GEOGRÁFICO | |
| Nombre geográfico | Portugal- |
| Subdivisión general | Historia. |
| 9 (RLIN) | 6241 |
| 830 0# - PUNTO DE ACCESO ADICIONAL DE SERIE-TÍTULO UNIFORME | |
| Título uniforme | Saber ; |
| Designación de volumen o secuencia | 123 |
| 9 (RLIN) | 231754 |
| 852 4# - LOCALIZACIÓN | |
| Ubicación | ES-MaACL |
| Número de control de estantería | E-13004 |
| itemnumber | R.139369 . - |
| Nota libre | Biblioteca Jacinto Martínez Lacalle |
| Estatus retirado | Estado de pérdida | Estado de daño | No para préstamo | Biblioteca de origen | Biblioteca actual | Ubicación en estantería | Fecha de adquisición | Fuente de adquisición | Total de préstamos | Signatura topográfica completa | Código de barras | Visto por última vez | Precio de reemplazo | Tipo de ítem Koha |
|---|---|---|---|---|---|---|---|---|---|---|---|---|---|---|
| Biblioteca del Ateneo de Madrid | Biblioteca del Ateneo de Madrid | Depósito 2 | 05/10/2009 | E-13004 | 1181547 | 23/02/2023 | 23/02/2023 | Libro impreso |
